[Event "CAN-ch U10"]
[Site "Windsor"]
[Date "2015.07.07"]
[Round "3.111"]
[White "Wang, Ray"]
[Black "Henein, Nicholas"]
[Result "1-0"]
[WhiteElo "659"]
[BlackElo "533"]
[PlyCount "63"]
[EventDate "2015.07.06"]
[EventType "swiss"]
[EventRounds "7"]
[EventCountry "CAN"]
[SourceTitle "EXT 2022"]
[Source "ChessBase"]
[SourceDate "2021.10.06"]
[SourceVersion "1"]
[SourceVersionDate "2021.10.06"]
[SourceQuality "1"]

1. e4 e5 2. Nf3 Nc6 3. Bc4 Nf6 4. Nc3 Bb4 5. d4 exd4 6. Nxd4 Nxd4 7. Qxd4 Bxc3+ 8. Qxc3 Nxe4 9. Qxg7 Rf8 10. Qxh7 Nf6 11. Qd3 d5 12. Bb5+ c6 13. Ba4 b5 14. Bb3 Nh5 15. 0-0 Bd7 16. Qe3+ Be6 17. Qh6 Nf6 18. Bg5 Ng4 19. Qh5 Qc8 20. Rfe1 c5 21. Bxd5 Kd7 22. Bxe6+ fxe6 23. Qxg4 Rg8 24. Qxe6+ Kc7 25. Qe5+ Kb7 26. Qd5+ Kb6 27. Re6+ Ka5 28. Qd2+ b4 29. Qd6 Rxg5 30. Re4 Qf5 31. Re6 Qf7 32. Qa6# 1-0

[Event "CAN-ch U10"]
[Site "Windsor"]
[Date "2015.07.06"]
[Round "1.110"]
[White "Tanaka, Taira Tyler"]
[Black "Henein, Nicholas"]
[Result "1-0"]
[WhiteElo "1294"]
[BlackElo "533"]
[PlyCount "29"]
[EventDate "2015.07.06"]
[EventType "swiss"]
[EventRounds "7"]
[EventCountry "CAN"]
[SourceTitle "EXT 2022"]
[Source "ChessBase"]
[SourceDate "2021.10.06"]
[SourceVersion "1"]
[SourceVersionDate "2021.10.06"]
[SourceQuality "1"]

1. e4 e5 2. Nf3 Nc6 3. Bb5 Nf6 4. 0-0 Nxe4 5. d4 Nxd4 6. Nxd4 exd4 7. Re1 Qe7 8. f3 Qe5 9. Rxe4 Qxe4 10. fxe4 Bc5 11. Kh1 0-0 12. b4 Bxb4 13. Qxd4 Be7 14. Bb2 a6 15. Qxg7# 1-0